| 000 | 00578nam a2200205Ia 4500 | ||
|---|---|---|---|
| 003 | GCL | ||
| 005 | 20240530101150.0 | ||
| 008 | 140319s9999 xx 000 0 eng d | ||
| 040 |
_aGCL / _cGCL |
||
| 082 | 0 | 4 |
_a722.33 _bK J _221 |
| 100 | 1 | _aKROYANKER, DAVID | |
| 245 | 1 | 0 |
_aJERUSALEM ARCHITECTURE / _cKROYANKER, DAVID |
| 260 |
_aLONDON : _bTAURIS PARKE BOOKS ، _c1994 |
||
| 300 |
_a210 P : _bPICTURES ; _c32 CM |
||
| 650 | 0 | 4 | _aARCHITECTURE |
| 650 | 0 | 4 | _aJERUSALEM - ARCHITECTURE |
| 650 | 0 | 4 | _aANCIENT MIDDLE EASTERN |
| 650 | 0 | 4 | _aPALESTIN - ARCHITECTURE |
| 942 |
_2ddc _cBK |
||
| 999 |
_c25320 _d25320 |
||